000 00327nam a22001337a 4500
008 260601b |||||||| |||| 00| 0 eng d
020 _a9789381275719
082 _a001840
100 _aP S Acharya
245 _aSrimadbhagvatam
260 _aBangalore
_bPoornaprajna Samshodhana Mandiram
_c2023
300 _a909p
942 _2ddc
999 _c1508
_d1508